| 000 | 00393nam a2200145Ia 4500 | ||
|---|---|---|---|
| 008 | 210210b1984 xxu||||| |||| 00| 0 eng d | ||
| 082 | _a324.254075 SHAC | ||
| 100 | _aSHARMA (T R). | ||
| 245 | _aCommunism in India: the politics of fragmentation. | ||
| 260 |
_aND _bSterling Publishers (P) Ltd _c1984 |
||
| 300 | _a224 | ||
| 650 | _aCommunism | ||
| 690 | _aPolitical Process | ||
| 906 | _a037003 | ||
| 999 |
_c87313 _d87313 |
||